<?xml version="1.0" encoding="UTF-8"?>
<marc:record xmlns:marc="http://www.loc.gov/MARC21/slim">
   <marc:leader>00000nam a2200000 a 4500</marc:leader>
   <marc:datafield ind1="1" ind2=" " tag="100">
      <marc:subfield code="a">Barker, Claire</marc:subfield>
      <marc:subfield code="4">aut</marc:subfield>
      <marc:subfield code="e">Verfasser/-in</marc:subfield>
   </marc:datafield>
   <marc:datafield ind1="0" ind2="0" tag="245">
      <marc:subfield code="a">Paul und die Klettenhexe, der unheimliche Cousin</marc:subfield>
   </marc:datafield>
   <marc:datafield ind1="0" ind2="0" tag="245">
      <marc:subfield code="c">Claire Barker ; Illustrationen von Teemu Juhani ; aus dem Englischen von Antje Görnig</marc:subfield>
   </marc:datafield>
   <marc:datafield ind1=" " ind2="1" tag="264">
      <marc:subfield code="a">Berlin</marc:subfield>
      <marc:subfield code="b">Schneiderbuch Egmont</marc:subfield>
      <marc:subfield code="c">2020</marc:subfield>
   </marc:datafield>
   <marc:datafield ind1=" " ind2=" " tag="250">
      <marc:subfield code="a">1. Auflage</marc:subfield>
   </marc:datafield>
   <marc:datafield ind1="1" ind2=" " tag="520">
      <marc:subfield code="a">Pauls neue beste Freundin, die Klettenhexe Klarinde, stellt nach wie vor allerlei lustigen Schabernack in der Maria-Makellos-Schule für Hochbegabte an. Als sie von ihrem Cousin Archibald Kuckuck einen Brief bekommt, mit dem der seinen Besuch ankündigt, stürzt sie sich gleich in die Vorbereitungen und bringt den alten Walnussbaum und die unzähligen darin lebenden Vögel auf Vordermann. Sie will schließlich auf den entfernt lebenden Verwandten einen guten Eindruck machen. Doch der geheimnisvolle Cousin ist nicht der, der er zu sein scheint. Und schon bald erkennen Klarinde und Paul, dass Archie finstere Pläne im Gepäck hat.</marc:subfield>
   </marc:datafield>
   <marc:datafield ind1=" " ind2=" " tag="020">
      <marc:subfield code="a">9783505142901</marc:subfield>
      <marc:subfield code="9">9783505142901</marc:subfield>
   </marc:datafield>
   <marc:datafield ind1=" " ind2=" " tag="020">
      <marc:subfield code="a">3505142905</marc:subfield>
      <marc:subfield code="9">3505142905</marc:subfield>
   </marc:datafield>
   <marc:datafield ind1=" " ind2=" " tag="300">
      <marc:subfield code="a">176 Seiten</marc:subfield>
   </marc:datafield>
</marc:record>
